[Event "DEM U14 2023"]
[Site "Willingen GER"]
[Date "2023.05.29"]
[Round "3"]
[White "Haubold, Christian Lucas"]
[Black "Blodig, Vincent"]
[Result "1-0"]
[Termination "normal"]
[Board "13"]
[WhiteElo "1949"]
[BlackElo "1580"]
[WhiteClock "00:52:03"]
[BlackClock "00:29:22"]
[PlyCount "79"]
[WhiteFideId "16259629"]
[BlackFideId "16297857"]
[EventCountry "GER"]
[EventRounds "9"]
[EventType "swiss"]
[EventDate "2023.05.27"]

1. e4 {[%clk 01:30:57]} {[%emt 00:00:02]} c5 {[%clk 01:30:56]} {[%emt
00:00:05]} 2. Nf3 {[%clk 01:31:22]} {[%emt 00:00:05]} e6 {[%clk 01:31:21]}
{[%emt 00:00:04]} 3. d4 {[%clk 01:31:39]} {[%emt 00:00:13]} cxd4 {[%clk
01:31:45]} {[%emt 00:00:06]} 4. Nxd4 {[%clk 01:32:03]} {[%emt 00:00:06]} Nf6
{[%clk 01:32:07]} {[%emt 00:00:09]} 5. Nc3 {[%clk 01:32:06]} {[%emt 00:00:26]}
Nc6 {[%clk 01:32:31]} {[%emt 00:00:07]} 6. Ndb5 {[%clk 01:32:19]} {[%emt
00:00:16]} Bb4 {[%clk 01:32:54]} {[%emt 00:00:07]} 7. Bf4 {[%clk 01:32:25]}
{[%emt 00:00:23]} Nxe4 {[%clk 01:33:02]} {[%emt 00:00:22]} 8. Qf3 {[%clk
01:32:33]} {[%emt 00:00:23]} d5 {[%clk 01:32:14]} {[%emt 00:01:18]} 9. Nc7+
{[%clk 01:31:53]} {[%emt 00:01:10]} Kf8 {[%clk 01:32:27]} {[%emt 00:00:17]} 10.
Nxa8 {[%clk 01:31:29]} {[%emt 00:00:54]} e5 {[%clk 01:32:39]} {[%emt 00:00:17]}
11. Bd2 {[%clk 01:31:13]} {[%emt 00:00:46]} Nd4 {[%clk 01:33:01]} {[%emt
00:00:09]} 12. Qd1 {[%clk 01:31:22]} {[%emt 00:00:22]} Qh4 {[%clk 01:32:43]}
{[%emt 00:00:47]} 13. g3 {[%clk 01:29:41]} {[%emt 00:02:12]} Qf6 {[%clk
01:33:03]} {[%emt 00:00:09]} 14. Nxe4 {[%clk 01:29:45]} {[%emt 00:00:26]} Nf3+
{[%clk 01:33:27]} {[%emt 00:00:06]} 15. Qxf3 {[%clk 01:29:53]} {[%emt
00:00:23]} Qxf3 {[%clk 01:33:51]} {[%emt 00:00:05]} 16. Bxb4+ {[%clk 01:30:15]}
{[%emt 00:00:08]} Kg8 {[%clk 01:34:08]} {[%emt 00:00:13]} 17. Nd6 {[%clk
01:30:11]} {[%emt 00:00:35]} Qxh1 {[%clk 01:32:33]} {[%emt 00:02:04]} 18. O-O-O
{[%clk 01:30:18]} {[%emt 00:00:23]} Be6 {[%clk 01:25:23]} {[%emt 00:07:40]} 19.
Nc7 {[%clk 01:29:44]} {[%emt 00:01:04]} Qxh2 {[%clk 01:24:49]} {[%emt
00:01:04]} 20. Nxe6 {[%clk 01:28:11]} {[%emt 00:02:03]} fxe6 {[%clk 01:24:59]}
{[%emt 00:00:20]} 21. c4 {[%clk 01:27:20]} {[%emt 00:01:21]} h5 {[%clk
01:18:47]} {[%emt 00:06:42]} 22. cxd5 {[%clk 01:24:57]} {[%emt 00:02:54]} exd5
{[%clk 01:18:56]} {[%emt 00:00:21]} 23. Rxd5 {[%clk 01:23:32]} {[%emt
00:01:55]} Qxf2 {[%clk 01:12:37]} {[%emt 00:06:49]} 24. Bc4 {[%clk 01:22:18]}
{[%emt 00:01:43]} Kh7 {[%clk 01:12:38]} {[%emt 00:00:29]} 25. Rxe5 {[%clk
01:21:01]} {[%emt 00:01:47]} Qg1+ {[%clk 01:10:59]} {[%emt 00:02:09]} 26. Kc2
{[%clk 01:19:15]} {[%emt 00:02:16]} Qg2+ {[%clk 01:01:02]} {[%emt 00:10:27]}
27. Kc3 {[%clk 01:10:16]} {[%emt 00:09:29]} Qxg3+ {[%clk 00:52:04]} {[%emt
00:09:27]} 28. Bd3+ {[%clk 01:10:39]} {[%emt 00:00:08]} g6 {[%clk 00:52:25]}
{[%emt 00:00:09]} 29. Re7+ {[%clk 01:10:04]} {[%emt 00:01:05]} Kg8 {[%clk
00:52:44]} {[%emt 00:00:09]} 30. Ne8 {[%clk 01:09:12]} {[%emt 00:01:24]} Rh6
{[%clk 00:50:43]} {[%emt 00:02:32]} 31. Bd6 {[%clk 01:07:58]} {[%emt 00:01:44]}
Qf3 {[%clk 00:45:26]} {[%emt 00:05:45]} 32. Rg7+ {[%clk 01:06:52]} {[%emt
00:01:36]} Kh8 {[%clk 00:44:57]} {[%emt 00:01:00]} 33. Be5 {[%clk 01:07:00]}
{[%emt 00:00:23]} Qe3 {[%clk 00:42:16]} {[%emt 00:03:10]} 34. Bd4 {[%clk
01:05:51]} {[%emt 00:01:38]} Qc1+ {[%clk 00:40:01]} {[%emt 00:02:45]} 35. Bc2
{[%clk 00:53:36]} {[%emt 00:12:46]} Qe1+ {[%clk 00:39:51]} {[%emt 00:00:40]}
36. Kb3 {[%clk 00:51:45]} {[%emt 00:02:21]} Qe6+ {[%clk 00:39:50]} {[%emt
00:00:30]} 37. Ka3 {[%clk 00:52:08]} {[%emt 00:00:09]} Qa6+ {[%clk 00:34:01]}
{[%emt 00:06:18]} 38. Kb4 {[%clk 00:52:29]} {[%emt 00:00:09]} Qxa2 {[%clk
00:28:57]} {[%emt 00:05:34]} 39. Rxg6+ {[%clk 00:52:26]} {[%emt 00:00:33]} Kh7
{[%clk 00:29:22]} {[%emt 00:00:05]} 40. Nf6+ {[%clk 00:52:03]} {[%emt
00:00:52]} 1-0

[Event "DEM U14 2023"]
[Site "Willingen GER"]
[Date "2023.05.29"]
[Round "3"]
[White "Bräutigam, Alexander"]
[Black "Wylie, Leonard"]
[Result "1-0"]
[Termination "normal"]
[Board "14"]
[WhiteElo "1892"]
[BlackElo "1546"]
[WhiteClock "00:04:02"]
[BlackClock "00:05:12"]
[PlyCount "175"]
[WhiteFideId "16245210"]
[BlackFideId "479616"]
[EventCountry "GER"]
[EventRounds "9"]
[EventType "swiss"]
[EventDate "2023.05.27"]

1. d4 {[%clk 01:30:57]} {[%emt 00:00:02]} Nf6 {[%clk 01:30:54]} {[%emt
00:00:07]} 2. c4 {[%clk 01:31:21]} {[%emt 00:00:05]} g6 {[%clk 01:31:20]}
{[%emt 00:00:04]} 3. h4 {[%clk 01:31:45]} {[%emt 00:00:06]} Bg7 {[%clk
01:31:27]} {[%emt 00:00:23]} 4. Nc3 {[%clk 01:31:59]} {[%emt 00:00:16]} d5
{[%clk 01:31:49]} {[%emt 00:00:09]} 5. h5 {[%clk 01:32:16]} {[%emt 00:00:13]}
Bf5 {[%clk 01:29:57]} {[%emt 00:02:22]} 6. h6 {[%clk 01:30:43]} {[%emt
00:02:03]} Bf8 {[%clk 01:29:18]} {[%emt 00:01:09]} 7. Nf3 {[%clk 01:17:45]}
{[%emt 00:13:27]} Nc6 {[%clk 01:23:19]} {[%emt 00:06:29]} 8. Bg5 {[%clk
01:14:41]} {[%emt 00:03:33]} Ne4 {[%clk 01:15:45]} {[%emt 00:08:05]} 9. cxd5
{[%clk 01:09:40]} {[%emt 00:05:31]} Nxc3 {[%clk 01:15:52]} {[%emt 00:00:24]}
10. bxc3 {[%clk 01:09:56]} {[%emt 00:00:14]} Qxd5 {[%clk 01:15:36]} {[%emt
00:00:46]} 11. Qb3 {[%clk 01:08:47]} {[%emt 00:01:38]} Qxb3 {[%clk 01:15:25]}
{[%emt 00:00:42]} 12. axb3 {[%clk 01:09:09]} {[%emt 00:00:07]} f6 {[%clk
01:13:51]} {[%emt 00:02:05]} 13. Bf4 {[%clk 01:09:17]} {[%emt 00:00:21]} O-O-O
{[%clk 01:14:00]} {[%emt 00:00:21]} 14. e3 {[%clk 01:08:10]} {[%emt 00:01:38]}
g5 {[%clk 01:12:52]} {[%emt 00:01:37]} 15. Bg3 {[%clk 01:08:24]} {[%emt
00:00:16]} Rg8 {[%clk 01:08:29]} {[%emt 00:04:54]} 16. Bb5 {[%clk 01:07:33]}
{[%emt 00:01:21]} Bd7 {[%clk 01:08:36]} {[%emt 00:00:23]} 17. d5 {[%clk
00:57:57]} {[%emt 00:10:06]} Ne5 {[%clk 01:04:59]} {[%emt 00:04:06]} 18. Bxd7+
{[%clk 00:57:47]} {[%emt 00:00:41]} Nxd7 {[%clk 01:05:17]} {[%emt 00:00:11]}
19. Rxa7 {[%clk 00:57:59]} {[%emt 00:00:18]} Kb8 {[%clk 01:05:37]} {[%emt
00:00:11]} 20. Ra5 {[%clk 00:55:40]} {[%emt 00:02:46]} Rg6 {[%clk 01:01:37]}
{[%emt 00:04:32]} 21. Nd4 {[%clk 00:55:03]} {[%emt 00:01:07]} Rxh6 {[%clk
01:00:28]} {[%emt 00:01:40]} 22. Rxh6 {[%clk 00:54:30]} {[%emt 00:01:03]} Bxh6
{[%clk 01:00:49]} {[%emt 00:00:09]} 23. Rb5 {[%clk 00:54:27]} {[%emt 00:00:32]}
Re8 {[%clk 00:48:56]} {[%emt 00:12:24]} 24. Ne6 {[%clk 00:47:26]} {[%emt
00:07:30]} Rc8 {[%clk 00:49:04]} {[%emt 00:00:22]} 25. Ke2 {[%clk 00:43:48]}
{[%emt 00:04:08]} b6 {[%clk 00:44:03]} {[%emt 00:05:31]} 26. Rb4 {[%clk
00:43:26]} {[%emt 00:00:51]} f5 {[%clk 00:35:34]} {[%emt 00:08:58]} 27. Kf3
{[%clk 00:24:44]} {[%emt 00:19:14]} Nf6 {[%clk 00:30:52]} {[%emt 00:05:11]} 28.
Rxb6+ {[%clk 00:23:51]} {[%emt 00:01:24]} Ka7 {[%clk 00:31:12]} {[%emt
00:00:10]} 29. Rc6 {[%clk 00:15:41]} {[%emt 00:08:40]} Nxd5 {[%clk 00:26:21]}
{[%emt 00:05:22]} 30. Nxc7 {[%clk 00:14:21]} {[%emt 00:01:50]} Bg7 {[%clk
00:22:43]} {[%emt 00:03:59]} 31. Nb5+ {[%clk 00:13:28]} {[%emt 00:01:31]} Kb7
{[%clk 00:22:56]} {[%emt 00:00:17]} 32. Rxc8 {[%clk 00:13:28]} {[%emt
00:00:31]} Kxc8 {[%clk 00:23:18]} {[%emt 00:00:07]} 33. c4 {[%clk 00:13:42]}
{[%emt 00:00:16]} Nb4 {[%clk 00:23:26]} {[%emt 00:00:22]} 34. Ke2 {[%clk
00:12:22]} {[%emt 00:01:50]} Kd7 {[%clk 00:21:40]} {[%emt 00:02:14]} 35. f3
{[%clk 00:11:12]} {[%emt 00:01:41]} h5 {[%clk 00:18:07]} {[%emt 00:04:02]} 36.
Be1 {[%clk 00:11:09]} {[%emt 00:00:35]} Nc6 {[%clk 00:18:29]} {[%emt 00:00:09]}
37. Bd2 {[%clk 00:10:02]} {[%emt 00:01:37]} h4 {[%clk 00:17:22]} {[%emt
00:01:36]} 38. f4 {[%clk 00:07:19]} {[%emt 00:03:14]} g4 {[%clk 00:17:16]}
{[%emt 00:00:36]} 39. Be1 {[%clk 00:07:32]} {[%emt 00:00:16]} Bf6 {[%clk
00:16:59]} {[%emt 00:00:47]} 40. Nc3 {[%clk 00:06:59]} {[%emt 00:01:03]} e6
{[%clk 00:17:07]} {[%emt 00:00:22]} 41. Na4 {[%clk 00:05:55]} {[%emt 00:01:34]}
Be7 {[%clk 00:15:54]} {[%emt 00:01:42]} 42. Nb2 {[%clk 00:03:54]} {[%emt
00:02:33]} Kc7 {[%clk 00:13:16]} {[%emt 00:03:06]} 43. Nd3 {[%clk 00:03:44]}
{[%emt 00:00:42]} Kb6 {[%clk 00:12:00]} {[%emt 00:01:43]} 44. b4 {[%clk
00:02:26]} {[%emt 00:01:50]} Nd8 {[%clk 00:05:45]} {[%emt 00:06:45]} 45. Ne5
{[%clk 00:01:28]} {[%emt 00:01:28]} Nc6 {[%clk 00:04:20]} {[%emt 00:01:54]} 46.
Nd3 {[%clk 00:28:13]} {[%emt 00:03:46]} Nd8 {[%clk 00:29:53]} {[%emt 00:04:58]}
47. Bc3 {[%clk 00:27:30]} {[%emt 00:01:13]} Nc6 {[%clk 00:29:38]} {[%emt
00:00:43]} 48. b5 {[%clk 00:27:53]} {[%emt 00:00:08]} Na7 {[%clk 00:28:10]}
{[%emt 00:01:53]} 49. Bd4+ {[%clk 00:27:46]} {[%emt 00:00:42]} Kb7 {[%clk
00:28:39]} {[%emt 00:00:02]} 50. Kf2 {[%clk 00:26:38]} {[%emt 00:01:37]} Nc8
{[%clk 00:28:04]} {[%emt 00:01:04]} 51. c5 {[%clk 00:24:56]} {[%emt 00:02:14]}
Na7 {[%clk 00:26:22]} {[%emt 00:02:11]} 52. c6+ {[%clk 00:20:18]} {[%emt
00:05:08]} Nxc6 {[%clk 00:26:38]} {[%emt 00:00:14]} 53. bxc6+ {[%clk 00:20:28]}
{[%emt 00:00:20]} Kxc6 {[%clk 00:26:56]} {[%emt 00:00:09]} 54. Ne5+ {[%clk
00:19:42]} {[%emt 00:01:20]} Kd5 {[%clk 00:27:00]} {[%emt 00:00:26]} 55. Ng6
{[%clk 00:16:17]} {[%emt 00:03:54]} Bd8 {[%clk 00:27:06]} {[%emt 00:00:22]} 56.
Nf8 {[%clk 00:14:16]} {[%emt 00:02:33]} Be7 {[%clk 00:26:22]} {[%emt 00:01:13]}
57. Nd7 {[%clk 00:14:13]} {[%emt 00:00:31]} Kc6 {[%clk 00:25:28]} {[%emt
00:01:23]} 58. Nf6 {[%clk 00:13:59]} {[%emt 00:00:47]} Kd6 {[%clk 00:24:51]}
{[%emt 00:00:57]} 59. Bb2 {[%clk 00:11:09]} {[%emt 00:03:31]} Bd8 {[%clk
00:22:17]} {[%emt 00:03:01]} 60. Bd4 {[%clk 00:08:11]} {[%emt 00:03:29]} Be7
{[%clk 00:22:14]} {[%emt 00:00:34]} 61. Nh5 {[%clk 00:08:02]} {[%emt 00:00:38]}
Bd8 {[%clk 00:17:56]} {[%emt 00:04:48]} 62. Be5+ {[%clk 00:07:41]} {[%emt
00:00:52]} Kc6 {[%clk 00:16:40]} {[%emt 00:01:46]} 63. Nf6 {[%clk 00:07:01]}
{[%emt 00:01:10]} Be7 {[%clk 00:15:47]} {[%emt 00:01:24]} 64. Ne8 {[%clk
00:07:13]} {[%emt 00:00:16]} Kd7 {[%clk 00:15:02]} {[%emt 00:01:15]} 65. Nf6+
{[%clk 00:07:02]} {[%emt 00:00:42]} Kc6 {[%clk 00:15:07]} {[%emt 00:00:25]} 66.
Bc3 {[%clk 00:06:55]} {[%emt 00:00:38]} Kc7 {[%clk 00:14:39]} {[%emt 00:00:41]}
67. Ng8 {[%clk 00:06:52]} {[%emt 00:00:47]} Bd8 {[%clk 00:14:12]} {[%emt
00:00:59]} 68. Bb4 {[%clk 00:05:05]} {[%emt 00:02:17]} Kd7 {[%clk 00:14:11]}
{[%emt 00:00:29]} 69. Bc3 {[%clk 00:05:10]} {[%emt 00:00:27]} Kc7 {[%clk
00:13:44]} {[%emt 00:00:56]} 70. Nh6 {[%clk 00:05:20]} {[%emt 00:00:19]} Be7
{[%clk 00:12:50]} {[%emt 00:01:25]} 71. Nf7 {[%clk 00:05:27]} {[%emt 00:00:22]}
Kc6 {[%clk 00:13:02]} {[%emt 00:00:17]} 72. Ne5+ {[%clk 00:05:28]} {[%emt
00:00:32]} Kd5 {[%clk 00:13:19]} {[%emt 00:00:12]} 73. Ke2 {[%clk 00:04:46]}
{[%emt 00:01:12]} Bf6 {[%clk 00:12:39]} {[%emt 00:01:00]} 74. Be1 {[%clk
00:04:22]} {[%emt 00:01:04]} g3 {[%clk 00:07:40]} {[%emt 00:05:30]} 75. Nf3
{[%clk 00:04:28]} {[%emt 00:00:23]} Ke4 {[%clk 00:08:01]} {[%emt 00:00:09]} 76.
Bb4 {[%clk 00:04:29]} {[%emt 00:00:30]} Bd8 {[%clk 00:07:22]} {[%emt 00:01:08]}
77. Bc5 {[%clk 00:04:19]} {[%emt 00:00:34]} Kd5 {[%clk 00:06:09]} {[%emt
00:01:50]} 78. Bf8 {[%clk 00:04:34]} {[%emt 00:00:14]} Ke4 {[%clk 00:06:23]}
{[%emt 00:00:15]} 79. Bh6 {[%clk 00:04:30]} {[%emt 00:00:37]} h3 {[%clk
00:03:55]} {[%emt 00:02:57]} 80. gxh3 {[%clk 00:02:18]} {[%emt 00:02:42]} Bb6
{[%clk 00:04:12]} {[%emt 00:00:11]} 81. Nd2+ {[%clk 00:02:12]} {[%emt
00:00:38]} Kd5 {[%clk 00:04:29]} {[%emt 00:00:13]} 82. Kf3 {[%clk 00:02:22]}
{[%emt 00:00:19]} g2 {[%clk 00:04:54]} {[%emt 00:00:06]} 83. Kxg2 {[%clk
00:02:38]} {[%emt 00:00:13]} Bxe3 {[%clk 00:05:18]} {[%emt 00:00:07]} 84. Nf3
{[%clk 00:03:01]} {[%emt 00:00:08]} Ke4 {[%clk 00:05:14]} {[%emt 00:00:33]} 85.
Kg3 {[%clk 00:03:19]} {[%emt 00:00:12]} Kd5 {[%clk 00:05:00]} {[%emt 00:00:44]}
86. Bf8 {[%clk 00:03:29]} {[%emt 00:00:18]} Bb6 {[%clk 00:04:53]} {[%emt
00:00:38]} 87. Be7 {[%clk 00:03:43]} {[%emt 00:00:16]} Ke4 {[%clk 00:05:12]}
{[%emt 00:00:10]} 88. h4 {[%clk 00:04:02]} {[%emt 00:00:12]} *

[Event "DEM U14 2023"]
[Site "Willingen GER"]
[Date "2023.05.29"]
[Round "3"]
[White "Lu, Yunong Elias"]
[Black "Jahnz, Laurin"]
[Result "1/2-1/2"]
[Termination "normal"]
[Board "15"]
[WhiteElo "1823"]
[BlackElo "1896"]
[WhiteClock "00:54:53"]
[BlackClock "00:13:19"]
[PlyCount "84"]
[WhiteFideId "16276426"]
[BlackFideId "16261089"]
[EventCountry "GER"]
[EventRounds "9"]
[EventType "swiss"]
[EventDate "2023.05.27"]

1. e4 {[%clk 01:30:57]} c6 {[%clk 01:30:58]} {[%emt 00:00:04]} 2. Nc3 {[%clk
01:31:11]} {[%emt 00:00:16]} d5 {[%clk 01:31:25]} {[%emt 00:00:03]} 3. Nf3
{[%clk 01:31:32]} {[%emt 00:00:09]} Bg4 {[%clk 01:31:53]} {[%emt 00:00:02]} 4.
h3 {[%clk 01:31:52]} {[%emt 00:00:11]} Bxf3 {[%clk 01:32:19]} {[%emt 00:00:04]}
5. Qxf3 {[%clk 01:32:13]} {[%emt 00:00:09]} e6 {[%clk 01:32:44]} {[%emt
00:00:04]} 6. g3 {[%clk 01:32:35]} {[%emt 00:00:08]} Nd7 {[%clk 01:33:11]}
{[%emt 00:00:04]} 7. d4 {[%clk 01:31:52]} {[%emt 00:01:13]} Qb6 {[%clk
01:32:55]} {[%emt 00:00:46]} 8. Qd3 {[%clk 01:30:38]} {[%emt 00:01:43]} dxe4
{[%clk 01:32:23]} {[%emt 00:01:02]} 9. Nxe4 {[%clk 01:30:28]} {[%emt 00:00:40]}
Ngf6 {[%clk 01:32:33]} {[%emt 00:00:20]} 10. Nxf6+ {[%clk 01:30:04]} {[%emt
00:00:54]} Nxf6 {[%clk 01:32:59]} {[%emt 00:00:04]} 11. Bg2 {[%clk 01:29:53]}
{[%emt 00:00:42]} Rd8 {[%clk 01:33:02]} {[%emt 00:00:27]} 12. c3 {[%clk
01:29:57]} {[%emt 00:00:26]} Be7 {[%clk 01:30:48]} {[%emt 00:02:43]} 13. O-O
{[%clk 01:29:27]} {[%emt 00:01:00]} O-O {[%clk 01:28:52]} {[%emt 00:02:27]} 14.
Qc2 {[%clk 01:22:21]} {[%emt 00:07:35]} a5 {[%clk 01:17:13]} {[%emt 00:12:10]}
15. Bg5 {[%clk 01:16:46]} {[%emt 00:06:04]} h6 {[%clk 01:16:39]} {[%emt
00:01:04]} 16. Bxf6 {[%clk 01:16:38]} {[%emt 00:00:37]} Bxf6 {[%clk 01:17:05]}
{[%emt 00:00:05]} 17. Rfe1 {[%clk 01:15:30]} {[%emt 00:01:38]} Rd7 {[%clk
01:04:10]} {[%emt 00:13:26]} 18. Rad1 {[%clk 01:10:37]} {[%emt 00:05:22]} Rfd8
{[%clk 01:03:54]} {[%emt 00:00:46]} 19. Kh2 {[%clk 01:08:21]} {[%emt 00:02:45]}
a4 {[%clk 01:01:20]} {[%emt 00:03:06]} 20. Re2 {[%clk 01:01:39]} {[%emt
00:07:11]} a3 {[%clk 00:59:15]} {[%emt 00:02:35]} 21. b3 {[%clk 00:58:05]}
{[%emt 00:04:05]} e5 {[%clk 00:50:30]} {[%emt 00:09:15]} 22. Rde1 {[%clk
00:56:19]} {[%emt 00:02:15]} e4 {[%clk 00:32:38]} {[%emt 00:18:22]} 23. Bxe4
{[%clk 00:55:01]} {[%emt 00:01:48]} Re7 {[%clk 00:27:31]} {[%emt 00:05:38]} 24.
Bh7+ {[%clk 00:55:18]} {[%emt 00:00:13]} Kf8 {[%clk 00:27:57]} {[%emt
00:00:04]} 25. Rxe7 {[%clk 00:53:12]} {[%emt 00:02:35]} Bxe7 {[%clk 00:28:25]}
{[%emt 00:00:02]} 26. Bd3 {[%clk 00:51:30]} {[%emt 00:02:12]} Re8 {[%clk
00:19:23]} {[%emt 00:09:32]} 27. Bc4 {[%clk 00:50:26]} {[%emt 00:01:34]} g6
{[%clk 00:11:35]} {[%emt 00:08:19]} 28. Qe4 {[%clk 00:49:36]} {[%emt 00:01:19]}
Qc7 {[%clk 00:11:55]} {[%emt 00:00:10]} 29. Re3 {[%clk 00:47:26]} {[%emt
00:02:39]} Kg7 {[%clk 00:11:41]} {[%emt 00:00:45]} 30. d5 {[%clk 00:42:41]}
{[%emt 00:05:16]} b5 {[%clk 00:08:08]} {[%emt 00:04:02]} 31. Bf1 {[%clk
00:41:46]} {[%emt 00:01:24]} cxd5 {[%clk 00:06:07]} {[%emt 00:02:32]} 32. Qxd5
{[%clk 00:40:18]} {[%emt 00:01:57]} Rd8 {[%clk 00:06:28]} {[%emt 00:00:10]} 33.
Qe4 {[%clk 00:37:50]} {[%emt 00:02:57]} Bf6 {[%clk 00:05:59]} {[%emt 00:01:00]}
34. Rd3 {[%clk 00:26:48]} {[%emt 00:11:32]} Rxd3 {[%clk 00:06:24]} {[%emt
00:00:05]} 35. Qxd3 {[%clk 00:27:02]} {[%emt 00:00:15]} Qxc3 {[%clk 00:06:23]}
{[%emt 00:00:32]} 36. Qxc3 {[%clk 00:27:25]} {[%emt 00:00:07]} Bxc3 {[%clk
00:06:50]} {[%emt 00:00:04]} 37. Bxb5 {[%clk 00:27:41]} {[%emt 00:00:14]} Kf6
{[%clk 00:06:40]} {[%emt 00:00:39]} 38. f4 {[%clk 00:27:46]} {[%emt 00:00:25]}
Ke7 {[%clk 00:06:27]} {[%emt 00:00:43]} 39. Kg2 {[%clk 00:27:46]} {[%emt
00:00:30]} Kd6 {[%clk 00:06:45]} {[%emt 00:00:11]} 40. Kf3 {[%clk 00:27:19]}
{[%emt 00:00:58]} f6 {[%clk 00:06:03]} {[%emt 00:01:11]} 41. Ke4 {[%clk
00:25:37]} {[%emt 00:02:13]} Be1 {[%clk 00:15:19]} {[%emt 00:21:14]} 42. g4
{[%clk 00:54:53]} {[%emt 00:01:12]} g5 {[%clk 00:13:19]} {[%emt 00:02:31]}
1/2-1/2

[Event "DEM U14 2023"]
[Site "Willingen GER"]
[Date "2023.05.29"]
[Round "3"]
[White "Aniol, Nico"]
[Black "Fruth, David"]
[Result "1/2-1/2"]
[Termination "normal"]
[Board "16"]
[WhiteElo "1592"]
[BlackElo "1851"]
[WhiteClock "00:26:31"]
[BlackClock "00:30:56"]
[PlyCount "82"]
[WhiteFideId "16287096"]
[BlackFideId "16257596"]
[EventCountry "GER"]
[EventRounds "9"]
[EventType "swiss"]
[EventDate "2023.05.27"]

1. c4 {[%clk 01:30:59]} Nf6 {[%clk 01:30:50]} {[%emt 00:00:11]} 2. Nf3 {[%clk
01:31:13]} {[%emt 00:00:16]} g6 {[%clk 01:30:58]} {[%emt 00:00:21]} 3. g3
{[%clk 01:30:47]} {[%emt 00:00:57]} Bg7 {[%clk 01:30:54]} {[%emt 00:00:34]} 4.
Bg2 {[%clk 01:31:11]} {[%emt 00:00:05]} O-O {[%clk 01:31:16]} {[%emt 00:00:08]}
5. O-O {[%clk 01:31:35]} {[%emt 00:00:07]} d6 {[%clk 01:31:41]} {[%emt
00:00:05]} 6. Nc3 {[%clk 01:30:55]} {[%emt 00:01:09]} e5 {[%clk 01:28:58]}
{[%emt 00:03:14]} 7. d3 {[%clk 01:30:05]} {[%emt 00:01:19]} Nc6 {[%clk
01:27:56]} {[%emt 00:01:33]} 8. Rb1 {[%clk 01:30:09]} {[%emt 00:00:26]} Be6
{[%clk 01:26:18]} {[%emt 00:02:07]} 9. e4 {[%clk 01:28:38]} {[%emt 00:02:02]}
Qd7 {[%clk 01:26:20]} {[%emt 00:00:28]} 10. Ng5 {[%clk 01:25:49]} {[%emt
00:03:19]} Nd4 {[%clk 01:21:03]} {[%emt 00:05:46]} 11. Nxe6 {[%clk 01:22:54]}
{[%emt 00:03:26]} Qxe6 {[%clk 01:18:42]} {[%emt 00:02:51]} 12. Be3 {[%clk
01:21:29]} {[%emt 00:01:55]} c6 {[%clk 01:15:18]} {[%emt 00:03:54]} 13. Ne2
{[%clk 01:11:48]} {[%emt 00:10:11]} Nxe2+ {[%clk 01:08:17]} {[%emt 00:07:31]}
14. Qxe2 {[%clk 01:12:14]} {[%emt 00:00:04]} Ng4 {[%clk 01:05:34]} {[%emt
00:03:12]} 15. Bd2 {[%clk 01:07:11]} {[%emt 00:05:34]} f5 {[%clk 01:04:01]}
{[%emt 00:02:03]} 16. f3 {[%clk 00:59:08]} {[%emt 00:08:33]} Nf6 {[%clk
00:58:05]} {[%emt 00:06:25]} 17. a3 {[%clk 00:51:07]} {[%emt 00:08:31]} d5
{[%clk 00:49:36]} {[%emt 00:08:59]} 18. cxd5 {[%clk 00:42:50]} {[%emt
00:08:47]} cxd5 {[%clk 00:48:34]} {[%emt 00:01:32]} 19. Rbc1 {[%clk 00:40:50]}
{[%emt 00:02:30]} Qb6+ {[%clk 00:43:03]} {[%emt 00:06:01]} 20. Be3 {[%clk
00:41:05]} {[%emt 00:00:15]} d4 {[%clk 00:43:28]} {[%emt 00:00:05]} 21. Bf2
{[%clk 00:31:09]} {[%emt 00:10:26]} fxe4 {[%clk 00:43:05]} {[%emt 00:00:54]}
22. fxe4 {[%clk 00:27:28]} {[%emt 00:04:10]} Rac8 {[%clk 00:41:14]} {[%emt
00:02:20]} 23. Bh3 {[%clk 00:27:03]} {[%emt 00:00:55]} Rc6 {[%clk 00:41:04]}
{[%emt 00:00:41]} 24. Qd2 {[%clk 00:24:59]} {[%emt 00:02:34]} h5 {[%clk
00:37:48]} {[%emt 00:03:45]} 25. Rxc6 {[%clk 00:23:34]} {[%emt 00:01:56]} bxc6
{[%clk 00:37:19]} {[%emt 00:00:59]} 26. b4 {[%clk 00:23:19]} {[%emt 00:00:45]}
Kh7 {[%clk 00:37:28]} {[%emt 00:00:21]} 27. Qc2 {[%clk 00:20:50]} {[%emt
00:02:59]} Bh6 {[%clk 00:36:36]} {[%emt 00:01:21]} 28. Qc4 {[%clk 00:16:57]}
{[%emt 00:04:23]} Qb5 {[%clk 00:35:29]} {[%emt 00:01:38]} 29. Qxb5 {[%clk
00:13:00]} {[%emt 00:04:28]} cxb5 {[%clk 00:35:54]} {[%emt 00:00:04]} 30. Be1
{[%clk 00:13:21]} {[%emt 00:00:09]} Kg7 {[%clk 00:36:01]} {[%emt 00:00:22]} 31.
Bf2 {[%clk 00:10:52]} {[%emt 00:03:00]} Rf7 {[%clk 00:36:10]} {[%emt 00:00:21]}
32. a4 {[%clk 00:10:32]} {[%emt 00:00:50]} bxa4 {[%clk 00:15:49]} {[%emt
00:20:50]} 33. Ra1 {[%clk 00:10:59]} {[%emt 00:00:03]} Rc7 {[%clk 00:16:07]}
{[%emt 00:00:12]} 34. Rxa4 {[%clk 00:11:17]} {[%emt 00:00:13]} g5 {[%clk
00:10:28]} {[%emt 00:06:09]} 35. Ra5 {[%clk 00:09:11]} {[%emt 00:02:37]} g4
{[%clk 00:10:33]} {[%emt 00:00:24]} 36. Bf1 {[%clk 00:09:31]} {[%emt 00:00:09]}
Nd7 {[%clk 00:09:13]} {[%emt 00:01:51]} 37. Ra2 {[%clk 00:07:59]} {[%emt
00:02:02]} Kf6 {[%clk 00:06:22]} {[%emt 00:03:20]} 38. Be1 {[%clk 00:07:52]}
{[%emt 00:00:37]} Ke6 {[%clk 00:05:01]} {[%emt 00:01:52]} 39. h3 {[%clk
00:03:40]} {[%emt 00:04:41]} Kd6 {[%clk 00:01:59]} {[%emt 00:03:32]} 40. hxg4
{[%clk 00:02:22]} {[%emt 00:01:48]} hxg4 {[%clk 00:02:27]} {[%emt 00:00:02]}
41. Be2 {[%clk 00:26:31]} {[%emt 00:06:21]} Nf6 {[%clk 00:30:56]} {[%emt
00:02:01]} 1/2-1/2